000 00762nam a2200241Ia 4500
003 GCL
008 140319s9999 xx 000 0 ara d
040 _aGCL /
_cGCL
082 0 4 _aق
_b962
_bد م
100 1 _aدار الهلال
245 1 0 _aمصر: الاتحاد البرلمانى الدولى المؤتمر العام السادس /
_cدار الهلال
300 _a149 ص
490 _aالهيئة العامة للاستعلامات
_v0
650 0 4 _aمصر
650 0 4 _aالمحاماة
650 0 4 _aقناة السويس
650 0 4 _aجامعة الدول العربية
650 0 4 _aالازهر (جامع)
650 0 4 _aالتعليم - مصر
650 0 4 _aالقضاء - مصر
650 0 4 _aالازهر
942 _2ddc
_cBK
999 _c51631
_d51631